000 00970nas a2200289 4500
001 BR8705972
003 BR-BrBNA
005 20231205090826.0
007 ta
008 230509b bl.|||p| |||| 00| 00por d
040 _aBR-BrBNA
_bpor
_cBiblioteca Nacional de Agricultura
041 _a(Pt)
072 _aQ02
100 1 _aFigueiredo, R.W. de
100 1 _aMaia, G.A.
100 1 _aHolanda, L.F.F. de
100 1 _aMonteiro, J.C.S.
245 1 _aProcessamento e estabilidade de nectares de jenipapo submetidos a diferentes metodos de conservacao
246 1 _aProcessing and stability of jenipapo nectar subjected to different methods of preservation
650 _aJENIPAPO
650 _aPRESERVACAO DE ALIMENTO
650 _aESTABILIZADOR
650 _aNECTAR
773 0 _tPesquisa Agropecuaria Brasileira (Brazil)
_xISSN 0100-204X
_g(Oct 1986), v. 21(10) p. 1077-1084
_wBR8705972
909 _a202311
_bLúcia
_c55
_dLúcia Elande
942 _2AGRIS
_n0
_cANA
999 _c121091
_d121091